Louis Tomlinson - Jump The Gun - All lyrics - Statistics

General Stats
  • This quiz has been taken 53 times
  • The average score is 324 of 364
Answer Stats
Answer % Correct
do
100%
Don't
100%
don't
100%
gun
100%
gun,
100%
jump
100%
The
100%
the
100%
I
97%
to
97%
To
97%
you
97%
Are
93%
are
93%
(Are
93%
of
93%
time
93%
time?
93%
time?)
93%
am
90%
back
90%
coming
90%
it
90%
it,
90%
mine?
90%
mine?)
90%
and
87%
my
87%
No
87%
no
87%
Oh-oh
87%
Oh-oh,
87%
oh-oh
87%
Or
87%
(Or
87%
out
87%
running
87%
take
87%
for
83%
for?
83%
lungs
83%
top
83%
we
83%
when
83%
bottom
80%
can’t
80%
from
80%
heart
80%
just
80%
more
80%
want
80%
What
80%
your
80%
be
77%
waiting
77%
all
73%
Got
73%
got
73%
If
73%
if
73%
Is
73%
love
73%
too
73%
alcohol
70%
cigarettes
70%
say
70%
tattoos,
70%
Singing
63%
soon
63%
that
63%
come
60%
down
60%
ground
60%
I’m
60%
me
60%
sleeping
60%
would
60%
awake
57%
dreams
57%
harder
57%
not
57%
off
57%
better
53%
going
53%
Makes
53%
makes
53%
two
53%
wide
53%
Adidas
50%
Baby
50%
fact
50%
hesitation
50%
This
50%
way
50%
yet
50%
fall
47%
good
43%
like
43%
round
43%
true?
43%
either
40%
really
40%
conversation
33%
No matching quizzes found
Score Distribution
Percent of People with Each Score
Percentile by Number Answered
Your Score History
You have not taken this quiz